000 00426nab a2200145Ia 4500
003 ES-SlBCS
005 20210601131730.0
008 140529s1952 xxu||||| |||| 00| 0 fre d
041 _afre
100 1 _aLhotellier, Auguste
_9188370
245 0 0 _aInjustice et abirtraire chez Renault
_c Auguste Lhotellier
651 4 _aRenault
_9188406
773 0 _tVie Intelectuelle (La)
_gnº. 4, 1952, págs. 109-111
_wRev907
942 _cAR
999 _c567841
_d567841